[Event "15th HZ Open"]
[Site "Vlissingen NED"]
[Date "2011.08.05"]
[Round "8"]
[White "Smeets, Jan"]
[Black "Hoffmann, Michael1"]
[Result "1-0"]
[WhiteTitle "GM"]
[BlackTitle "GM"]
[WhiteElo "2628"]
[BlackElo "2493"]
[WhiteFideId "1007246"]
[BlackFideId "4601297"]
[EventDate "2011.07.30"]

1. d4 Nf6 2. c4 e6 3. Nf3 b6 4. g3 Ba6 5. Qc2 Bb4+ 6. Bd2 Be7 7. e4 d5 8. cxd5
Bxf1 9. Kxf1 exd5 10. e5 Ne4 11. Nc3 Nxd2+ 12. Qxd2 Qd7 13. Qd3 Nc6 14. Qb5
O-O-O 15. Qa6+ Kb8 16. Kg2 Nb4 17. Qe2 Kb7 18. a3 Nc6 19. b4 g5 20. h3 h5 21.
Rad1 Qe6 22. h4 g4 23. Ne1 f6 24. b5 Na5 25. Nd3 fxe5 26. Nf4 Qf5 27. dxe5 d4
28. Ncd5 Bc5 29. a4 c6 30. Nf6 Be7 31. Qa2 Qxe5 32. N6xh5 Bb4 33. Qf7+ Ka8 34.
Ne6 Rhf8 35. Nxf8 Rxf8 36. Rhe1 Qh8 37. Qg6 Bxe1 38. Rxe1 Qg8 39. Qe4 Qf7 40.
Nf4 Qf5 41. Qxd4 cxb5 42. Re5 1-0

[Event "15th HZ Open"]
[Site "Vlissingen NED"]
[Date "2011.08.05"]
[Round "8"]
[White "L'Ami, Erwin"]
[Black "Bosboom, Manuel"]
[Result "1-0"]
[WhiteTitle "GM"]
[BlackTitle "IM"]
[WhiteElo "2611"]
[BlackElo "2399"]
[WhiteFideId "1007998"]
[BlackFideId "1000080"]
[EventDate "2011.07.30"]

1. d4 g6 2. c4 Bg7 3. Nc3 d6 4. e4 Nd7 5. Bg5 a6 6. Nf3 h6 7. Be3 Ngf6 8. h3 c5
9. e5 Nh7 10. exd6 exd6 11. Qd2 Nhf6 12. Be2 h5 13. Rd1 Qb6 14. O-O O-O 15. b3
Re8 16. Rfe1 Qc6 17. Ng5 Nf8 18. Bf3 Qc7 19. dxc5 dxc5 20. Bf4 Rxe1+ 21. Rxe1
Qa5 22. Nd5 1-0

[Event "15th HZ Open"]
[Site "Vlissingen NED"]
[Date "2011.08.05"]
[Round "8"]
[White "Fernandez, Daniel Howard"]
[Black "Henrichs, Thomas"]
[Result "1/2-1/2"]
[WhiteTitle "IM"]
[BlackTitle "IM"]
[WhiteElo "2328"]
[BlackElo "2475"]
[WhiteFideId "5801605"]
[BlackFideId "4626605"]
[EventDate "2011.07.30"]

1. e4 c5 2. Nf3 d6 3. d4 cxd4 4. Nxd4 Nf6 5. Nc3 a6 6. Be3 e5 7. Nf3 Be7 8. Bc4
O-O 9. O-O Nc6 10. Bg5 Be6 11. Bb3 Nd7 12. Bxe7 Qxe7 13. Nd5 Qd8 14. c3 Na5 15.
Bc2 Rc8 16. Nd2 g6 17. Ne3 Nf6 18. Qe2 b5 19. Rfd1 Qb6 20. Bb3 Nxb3 21. axb3 a5
22. Qf3 Kg7 23. Nd5 Bxd5 24. exd5 a4 25. b4 Rfe8 26. Nf1 Qb7 27. Ne3 e4 28. Qf4
Re5 29. Rd4 Qe7 30. g4 h6 31. Kg2 Nh7 32. c4 Ng5 33. cxb5 Nf3 34. Rc4 Rb8 35.
Rac1 Rxb5 36. Rc7 Qf6 37. Qxf6+ Kxf6 38. Kg3 Nd4 39. R1c4 Ne2+ 40. Kg2 Nf4+ 41.
Kg3 Nxd5 42. Ra7 h5 43. gxh5 Nxe3 44. fxe3 Rg5+ 45. Kf2 Rbf5+ 46. Ke1 Rg1+ 47.
Ke2 Rg2+ 48. Ke1 Rxh5 49. Rxe4 Rhxh2 50. Rf4+ Kg5 51. Kf1 Rxb2 52. Kg1 f5 53.
Rxa4 Rhe2 54. Ra3 Re1+ 55. Rf1 Ree2 56. Rd1 Rxb4 57. Ra6 Rxe3 58. Rdxd6 Kf4 59.
Rxg6 Kf3 60. Ra1 Rg4+ 61. Rxg4 Kxg4 62. Ra2 f4 63. Rg2+ Kf3 64. Rf2+ Ke4 65. Ra2
Rb3 66. Kf2 Kf5 67. Ra8 1/2-1/2

[Event "15th HZ Open"]
[Site "Vlissingen NED"]
[Date "2011.08.05"]
[Round "8"]
[White "Brookes, Christopher"]
[Black "Zaragatski, Ilja"]
[Result "0-1"]
[BlackTitle "IM"]
[WhiteElo "2056"]
[BlackElo "2469"]
[WhiteFideId "4669355"]
[BlackFideId "4655192"]
[EventDate "2011.07.30"]

1. e4 e5 2. Nf3 d6 3. d4 exd4 4. Nxd4 Nf6 5. Nc3 Be7 6. Bf4 O-O 7. Qd2 a6 8.
O-O-O b5 9. f3 c5 10. Nf5 Bxf5 11. exf5 Nc6 12. g4 b4 13. Nd5 Nxd5 14. Qxd5 Bg5
15. Qxc6 Bxf4+ 16. Kb1 a5 17. Bc4 a4 18. h4 b3 19. cxb3 a3 20. Rhe1 axb2 21. a4
Qa5 22. Re7 Rad8 23. Qe4 Be5 24. Rb7 Qc3 25. g5 Kh8 26. f6 d5 27. fxg7+ Bxg7 28.
Bxd5 Rfe8 29. Re7 Rxe7 30. Qxe7 Rb8 31. Bxf7 Rf8 32. Qb7 Bd4 33. Qe7 Bg7 34. Qb7
Bd4 35. Bd5 Qe3 36. Be4 Bg7 37. Qd5 Bd4 38. Qd7 Bg7 39. a5 Qxb3 40. Rd3 Qb4 41.
Rd6 Qxa5 42. Kc2 Qc3+ 43. Kb1 Qc1+ 44. Ka2 b1=Q+ 45. Bxb1 Qb2# 0-1

[Event "15th HZ Open"]
[Site "Vlissingen NED"]
[Date "2011.08.05"]
[Round "8"]
[White "Ortmann, David"]
[Black "Van Haastert, Edwin"]
[Result "1/2-1/2"]
[WhiteTitle "FM"]
[BlackTitle "IM"]
[WhiteElo "2322"]
[BlackElo "2421"]
[WhiteFideId "4651588"]
[BlackFideId "1003992"]
[EventDate "2011.07.30"]

1. Nf3 Nf6 2. c4 g6 3. Nc3 d5 4. cxd5 Nxd5 5. Qa4+ Nc6 6. Ne5 Qd6 7. Nxc6 Qxc6
8. Qxc6+ bxc6 9. g3 Bg7 10. Bg2 Be6 11. b3 O-O-O 12. Bb2 Nxc3 13. Bxc3 Bxc3 14.
dxc3 Rd6 1/2-1/2

[Event "15th HZ Open"]
[Site "Vlissingen NED"]
[Date "2011.08.05"]
[Round "8"]
[White "Pavlovic, Milos"]
[Black "Afek, Yochanan"]
[Result "1/2-1/2"]
[WhiteTitle "GM"]
[BlackTitle "IM"]
[WhiteElo "2541"]
[BlackElo "2298"]
[WhiteFideId "900389"]
[BlackFideId "2800462"]
[EventDate "2011.07.30"]

1. c4 Nf6 2. Nc3 c5 3. Nf3 Nc6 4. d4 cxd4 5. Nxd4 g6 6. e4 Bg7 7. Be3 O-O 8. Be2
d6 9. O-O Bd7 10. Kh1 Nxd4 11. Bxd4 Bc6 12. Qd3 a5 13. f4 a4 14. Rad1 Qa5 15.
Bf3 Nd7 16. Bxg7 Kxg7 17. e5 dxe5 18. Bxc6 Nc5 19. Qe2 bxc6 20. Qxe5+ Kg8 21. f5
a3 22. bxa3 Na4 23. Qxa5 Rxa5 24. Nxa4 Rxa4 25. Rfe1 Re8 26. f6 e6 27. Kg1 Rxc4
28. Rc1 Ra4 29. Rxc6 Rxa3 30. Re2 h6 31. h4 Ra4 32. g3 Ra5 33. Rc4 Rea8 34. Rec2
Rf5 35. Rc8+ Rxc8 36. Rxc8+ Kh7 37. Rc2 h5 38. a4 g5 39. Rb2 gxh4 40. Rb5 Rxf6
41. Rxh5+ Kg7 42. Rxh4 Rf3 43. Rg4+ Kf8 44. Kg2 Ra3 45. Rb4 Kg7 46. Kf2 e5 47.
g4 Kg6 48. Ke2 Kf6 49. Kd2 Ke6 50. Rb6+ Ke7 51. Rb7+ Kf8 52. Rb4 Kg7 53. Kc2 Kg6
54. Kb2 Rd3 55. a5 Rd8 56. a6 Kg5 57. a7 Ra8 58. Ra4 Kh4 59. Kc3 Kg3 60. Kd3 Kf3
61. g5 e4+ 62. Kd4 e3 63. Ra3 Kf2 64. Rxe3 Rxa7 65. Rh3 Kg2 66. Rc3 Re7 67. Rc6
Kg3 68. g6 f5 69. Rf6 Kf4 70. Rf7 Re1 71. g7 Rd1+ 72. Kc5 Rg1 73. Kd6 1/2-1/2

[Event "15th HZ Open"]
[Site "Vlissingen NED"]
[Date "2011.08.05"]
[Round "8"]
[White "Deepan, Chakkravarthy J."]
[Black "Van Dooren, Dirk"]
[Result "1-0"]
[WhiteTitle "GM"]
[BlackTitle "FM"]
[WhiteElo "2470"]
[BlackElo "2290"]
[WhiteFideId "5011132"]
[BlackFideId "1015761"]
[EventDate "2011.07.30"]

1. d4 f5 2. g3 Nf6 3. Bg2 e6 4. Nh3 d6 5. O-O Be7 6. b3 O-O 7. Bb2 Nc6 8. c4 Qe8
9. Nf4 Nd8 10. Nd2 Nh5 11. Nxh5 Qxh5 12. f4 Bd7 13. e4 Qxd1 14. Raxd1 fxe4 15.
Nxe4 Rb8 16. Rfe1 b5 17. cxb5 Bxb5 18. d5 Bd7 19. Rc1 c6 20. dxc6 Bxc6 21. Nxd6
Bxg2 22. Rc7 Bxd6 23. Rxg7+ Kh8 24. Rg4+ e5 25. Rxe5 Nf7 26. Re8+ Ne5 27. Rxe5
Ba3 28. Ba1 1-0

[Event "15th HZ Open"]
[Site "Vlissingen NED"]
[Date "2011.08.05"]
[Round "8"]
[White "Haimovich, Tal"]
[Black "Timmermans, Ivo"]
[Result "1/2-1/2"]
[WhiteTitle "IM"]
[WhiteElo "2419"]
[BlackElo "2232"]
[WhiteFideId "2801698"]
[BlackFideId "1002910"]
[EventDate "2011.07.30"]

1. e4 e5 2. Nf3 Nc6 3. Bb5 a6 4. Ba4 Nf6 5. O-O Nxe4 6. d4 b5 7. Bb3 d5 8. dxe5
Be6 9. Nbd2 Nc5 10. c3 d4 11. Bxe6 Nxe6 12. cxd4 Ncxd4 13. a4 Bc5 14. Ne4 Bb6
15. Nxd4 Bxd4 16. Qf3 Rb8 17. Rd1 Qe7 18. axb5 Rxb5 19. Nc3 Rxe5 20. Bf4 Rf5 21.
Nd5 Qc5 22. Rxd4 Nxd4 23. Nxc7+ Qxc7 24. Qe4+ Qe7 25. Qxd4 O-O 26. h3 Qf6 27.
Qxf6 Rxf6 28. Be3 Rc8 29. Bd4 Re6 30. Ra5 Rb8 31. Bc3 Rb5 32. Ra4 h5 33. Rc4 f6
34. g3 Kf7 35. Kg2 g6 36. Rc7+ Ke8 37. Rg7 f5 38. h4 Rd5 39. Kf3 Rd3+ 40. Kf4
Kf8 41. Ra7 Rd5 42. Ra8+ Ke7 43. Rg8 Rc5 44. f3 Kf7 45. Rg7+ Kf8 46. Ra7 Rd5 47.
Ra8+ Ke7 48. Rg8 Rc6 49. Ke3 Re6+ 50. Kf4 Rd3 51. Rg7+ Kf8 52. Ra7 Ree3 53. Kg5
Rxf3 54. Be5 Rfe3 55. Kf6 Rxe5 56. Kxe5 Rxg3 57. Kf6 Ke8 58. Rxa6 f4 59. Ra4 f3
60. Ra1 f2 61. Rf1 Rg2 62. Ke5 Ke7 63. b4 Kd7 64. Kd5 Rh2 65. b5 Rxh4 66. Rxf2
Rg4 67. Rf7+ Kc8 68. Rg7 h4 69. Kc6 Rc4+ 70. Kb6 h3 71. Rxg6 Rh4 72. Rg8+ Kd7
73. Rg1 h2 74. Rh1 1/2-1/2

[Event "15th HZ Open"]
[Site "Vlissingen NED"]
[Date "2011.08.05"]
[Round "8"]
[White "Steenbekkers, Franck"]
[Black "Sveshnikov, Vladimir"]
[Result "1-0"]
[WhiteTitle "CM"]
[BlackTitle "IM"]
[WhiteElo "2223"]
[BlackElo "2407"]
[WhiteFideId "1004220"]
[BlackFideId "11601884"]
[EventDate "2011.07.30"]

1. e4 c5 2. Nf3 Nc6 3. Bb5 d6 4. d4 cxd4 5. Qxd4 Bd7 6. Bxc6 Bxc6 7. Nc3 Nf6 8.
Bg5 e6 9. O-O-O Be7 10. Rhe1 Qa5 11. Kb1 O-O 12. Qd2 Qa6 13. Nd4 Rac8 14. f3
Rfd8 15. g4 Kf8 16. h4 Be8 17. h5 Rc5 18. Be3 Rdc8 19. Rh1 Rxc3 20. bxc3 Nd7 21.
g5 Nc5 22. g6 fxg6 23. h6 Kg8 24. hxg7 h5 25. Nb3 Na4 26. Bd4 g5 27. e5 d5 28.
Rdg1 Qc6 29. Rxg5 Nxc3+ 30. Kc1 Nb5 31. Rgxh5 Bxh5 32. Rxh5 1-0

[Event "15th HZ Open"]
[Site "Vlissingen NED"]
[Date "2011.08.05"]
[Round "8"]
[White "Brown, Andrew"]
[Black "Kuipers, Stefan"]
[Result "0-1"]
[WhiteTitle "IM"]
[BlackTitle "FM"]
[WhiteElo "2202"]
[BlackElo "2365"]
[WhiteFideId "3206513"]
[BlackFideId "1018400"]
[EventDate "2011.07.30"]

1. d4 d5 2. c4 c6 3. Nf3 Nf6 4. Nc3 e6 5. Bg5 h6 6. Bh4 dxc4 7. e4 g5 8. Bg3 b5
9. h4 g4 10. Ne5 Bb7 11. Be2 Nbd7 12. Nxg4 b4 13. Na4 Nxe4 14. Bxc4 Nxg3 15.
fxg3 Bg7 16. Qf3 Qa5 17. Bb3 O-O-O 18. O-O-O c5 19. Qxf7 Bxd4 20. Rhe1 Bc6 21.
Ne3 Bxe3+ 22. Rxe3 Bxa4 23. Bxa4 Qxa4 24. Qxe6 Rhe8 25. Qxe8 Rxe8 26. Rxe8+ Kc7
27. Re7 Qxa2 28. Rdxd7+ Kc6 29. Rxa7 Qc4+ 30. Kb1 Qd3+ 31. Ka2 Qd5+ 32. Kb1 b3
33. Re1 Kb6 34. Ra4 Qd3+ 35. Ka1 Qd2 36. Rg1 Qd7 37. Ra8 Qb7 38. Ra3 c4 39. g4
Kb5 40. g5 hxg5 41. hxg5 Kb4 42. Rc1 Qxg2 43. Ra7 Qxg5 44. Rb7+ Ka5 45. Kb1 Ka6
46. Rxc4 Qf5+ 47. Kc1 Qf1+ 48. Kd2 Qxc4 49. Rd7 Qc2+ 0-1

[Event "15th HZ Open"]
[Site "Vlissingen NED"]
[Date "2011.08.05"]
[Round "8"]
[White "Blom, Vincent"]
[Black "Tan, Matthew"]
[Result "0-1"]
[BlackTitle "FM"]
[WhiteElo "2126"]
[BlackElo "2400"]
[WhiteFideId "1014358"]
[BlackFideId "1011316"]
[EventDate "2011.07.30"]

1. Nf3 Nf6 2. g3 d5 3. Bg2 c6 4. O-O Bg4 5. d4 Nbd7 6. Nbd2 e6 7. h3 Bh5 8. Ne5
Nxe5 9. dxe5 Nd7 10. f4 f6 11. g4 Bf7 12. exf6 gxf6 13. e4 Qb6+ 14. Kh1 O-O-O
15. exd5 exd5 16. Nb3 h5 17. g5 h4 18. a4 Re8 19. a5 Qc7 20. a6 bxa6 21. Nd4 Bc5
22. c3 Bh5 23. Qc2 Bxd4 24. cxd4 Re2 25. Qc3 Rhe8 26. Bd2 fxg5 27. Rac1 g4 28.
Bxd5 Nb8 29. Bc4 Bf7 30. d5 g3 31. Kg1 Qd7 32. Bxe2 Qxh3 33. Bg4+ Qxg4 34. Qf6
Bxd5 35. Rfe1 Re2 36. Qh8+ Kc7 37. Qh7+ Nd7 38. Qd3 Rg2+ 39. Kf1 Qh3 40. Qxd5
Qh1# 0-1

[Event "15th HZ Open"]
[Site "Vlissingen NED"]
[Date "2011.08.05"]
[Round "8"]
[White "Grochal, Joey"]
[Black "Van Eijk, Sander"]
[Result "0-1"]
[BlackTitle "FM"]
[WhiteElo "2147"]
[BlackElo "2380"]
[WhiteFideId "1019945"]
[BlackFideId "1011510"]
[EventDate "2011.07.30"]

1. e4 c5 2. Nf3 a6 3. Nc3 e6 4. d4 b5 5. Be3 Bb7 6. dxc5 b4 7. Na4 Bxe4 8. Bd3
Bc6 9. Nb6 Ra7 10. a3 bxa3 11. Rxa3 Nf6 12. b4 Qc7 13. Qa1 d6 14. b5 dxc5 15.
bxc6 Qxb6 16. Rb3 Qc7 17. Qa4 Nxc6 18. Ne5 Qxe5 19. Qxc6+ Nd7 20. Qc8+ Ke7 21.
Rb7 Rxb7 22. Qxb7 Qd5 23. Qc7 Qd6 24. Qb7 g6 25. O-O Bg7 26. Rd1 Rb8 27. Qxa6
Qxa6 28. Bxa6 Bc3 29. h3 e5 30. Bc4 f6 31. Bb3 Ra8 32. Kf1 Ra5 33. Bg8 h5 34.
Rb1 e4 35. f3 exf3 36. gxf3 Bd4 37. Bd2 Ra3 38. Ke2 Ra8 39. Bd5 Re8 40. Kf1 Kd6
41. Bf7 Re7 42. Bxg6 Rg7 43. Bf4+ Be5 44. Bxe5+ Nxe5 45. Bxh5 Nc4 46. Re1 f5 47.
Kf2 Kd5 48. Be8 Kd4 49. Bb5 Nd2 50. Re2 Nb1 51. Bd3 Rf7 52. Re3 c4 53. Be2 Rh7
54. Bf1 Rh8 55. Re7 Nd2 56. Rf7 Nxf1 57. Kxf1 Rxh3 58. Rxf5 Rh2 59. Ke1 Rxc2 60.
Kd1 Rf2 61. Rf8 Kd3 62. Rd8+ Ke3 63. Re8+ Kd3 64. Rd8+ Kc3 65. Rf8 Rd2+ 66. Kc1
Rh2 67. Kd1 Rf2 68. f4 Rd2+ 69. Kc1 Rf2 70. Kd1 Kd3 71. Rd8+ Ke4 72. Re8+ Kd3
73. Rd8+ Kc3 74. Rf8 Rd2+ 75. Kc1 Rh2 76. Kd1 Rh1+ 77. Ke2 Kc2 78. f5 Rh2+ 79.
Ke1 Rh4 80. f6 Re4+ 81. Kf2 c3 82. f7 Re6 83. Kf1 Rd6 84. Ke2 Rd7 85. Ke1 Kc1
86. Ke2 c2 87. Ke1 Rb7 0-1

[Event "15th HZ Open"]
[Site "Vlissingen NED"]
[Date "2011.08.05"]
[Round "8"]
[White "Admiraal, Miguoel"]
[Black "Von Meijenfeldt, Bart"]
[Result "1/2-1/2"]
[WhiteElo "2246"]
[BlackElo "2154"]
[WhiteFideId "1019716"]
[BlackFideId "1032259"]
[EventDate "2011.07.30"]

1. d4 Nf6 2. Nc3 d5 3. Bg5 e6 4. e4 Bb4 5. exd5 exd5 6. Qe2+ Be7 7. Bxf6 gxf6 8.
O-O-O Be6 9. Nh3 c6 10. Nf4 Qd6 11. g3 Nd7 12. Rd3 O-O-O 13. Qh5 f5 14. h4 Nf6
15. Qf3 Ne4 16. Bh3 Bf8 17. Nce2 Kb8 18. Rf1 Qc7 19. a3 Rc8 20. Ng2 Bh6+ 21. Ne3
c5 22. c3 Rhe8 23. Kb1 Nd6 24. dxc5 Qxc5 25. Nd4 Qb6 26. Ka1 1/2-1/2

[Event "15th HZ Open"]
[Site "Vlissingen NED"]
[Date "2011.08.05"]
[Round "8"]
[White "Goormachtigh, Johan"]
[Black "Go, Benjamin"]
[Result "1/2-1/2"]
[WhiteTitle "FM"]
[WhiteElo "2237"]
[BlackElo "2124"]
[WhiteFideId "200280"]
[BlackFideId "1014560"]
[EventDate "2011.07.30"]

1. d4 d5 2. Nf3 c6 3. c4 Nf6 4. Nc3 dxc4 5. a4 Bf5 6. Ne5 Nbd7 7. Nxc4 Nb6 8.
Ne5 a5 9. f3 e6 10. e4 Bg6 11. Be3 Nbd7 12. Nxd7 Nxd7 13. Bc4 Bb4 14. O-O O-O
15. Qe2 Qe7 16. Rac1 f6 17. Rfd1 Bf7 18. Bb3 Rfe8 19. Qf2 Bd6 20. f4 Bc7 21. Bc2
e5 22. h3 Rad8 23. Ne2 Nf8 24. dxe5 fxe5 25. Bc5 Qf6 26. f5 Rxd1+ 27. Rxd1 Rd8
28. Nc3 Rxd1+ 29. Bxd1 Nd7 30. Be3 1/2-1/2

[Event "15th HZ Open"]
[Site "Vlissingen NED"]
[Date "2011.08.05"]
[Round "8"]
[White "In't Veld, Daan"]
[Black "Hoffman, Ron"]
[Result "1/2-1/2"]
[WhiteElo "2224"]
[BlackElo "2106"]
[WhiteFideId "1016270"]
[BlackFideId "1007599"]
[EventDate "2011.07.30"]

1. e4 c5 2. Nf3 Nc6 3. d4 cxd4 4. Nxd4 e5 5. Nb5 a6 6. Nd6+ Bxd6 7. Qxd6 Qf6 8.
Qxf6 Nxf6 9. Nc3 Nb4 10. Kd2 d6 11. a3 Nc6 12. Bd3 Be6 13. f3 O-O-O 14. Ke2 d5
15. exd5 Nxd5 16. Nxd5 Nd4+ 17. Kf2 Bxd5 18. h4 Rhe8 19. Re1 h6 20. Bd2 Nc6 21.
Rad1 Kc7 22. Bc3 f6 23. Bg6 Rf8 24. Bf5 Ne7 25. Bb4 Rfe8 26. Bd3 Nc6 27. Bg6 Rh8
28. Bc3 Ne7 29. Bd3 Nc6 30. Rh1 Be6 31. Rde1 Rhe8 32. g4 Bd5 33. Bg6 Rf8 34.
Rhg1 Ne7 35. Bd3 Nc6 36. Rg3 Rh8 37. Bf5 Bc4 38. Be4 Bd5 39. Bd3 Be6 40. Kg2 Bd5
41. g5 hxg5 42. hxg5 Kd6 43. Rg1 Ke6 44. gxf6 gxf6 45. Kf2 Rh2+ 46. R1g2 Rdh8
47. Rxh2 Rxh2+ 48. Ke3 Ne7 49. f4 Nf5+ 50. Bxf5+ 1/2-1/2

[Event "15th HZ Open"]
[Site "Vlissingen NED"]
[Date "2011.08.05"]
[Round "8"]
[White "Kuling, Lody"]
[Black "Porte, Henrik"]
[Result "1-0"]
[WhiteElo "2223"]
[BlackElo "2119"]
[WhiteFideId "1019686"]
[BlackFideId "1016326"]
[EventDate "2011.07.30"]

1. e4 c6 2. Nf3 d5 3. exd5 cxd5 4. Ne5 a6 5. d4 Nc6 6. Bd3 Nxd4 7. Bxh7 Rxh7 8.
Qxd4 e6 9. Bf4 Bd6 10. Nd2 Ne7 11. O-O-O f6 12. Qd3 fxe5 13. Qxh7 exf4 14. Qxg7
Nf5 15. Qg6+ Kd7 16. h4 Kc7 17. h5 Bd7 18. h6 Qh8 19. h7 Be5 20. c3 Rc8 21. Kb1
Kb8 22. Nf3 Bf6 23. Qf7 Rd8 24. Qg6 Ne7 25. Qh6 e5 26. Ng5 Nf5 27. Qg6 Ne7 28.
Qh6 Be8 29. a3 Nf5 30. Qxf6 Qxf6 31. h8=Q Qxg5 32. Qxe5+ Ka8 33. Rxd5 Rxd5 34.
Qxd5 Qf6 35. Ka1 Bc6 36. Qg8+ Ka7 37. Re1 Qd6 38. Qe6 Qxe6 39. Rxe6 Bxg2 40. Rf6
Be4 41. f3 Bd3 42. b4 Kb8 43. Rf7 Ka7 44. Rf6 Kb8 45. Rf7 Ka7 46. Kb2 Kb6 47. c4
Kc6 48. Kc3 Bb1 49. b5+ axb5 50. cxb5+ Kb6 51. Kb4 Ne3 52. Rf6+ Kc7 53. Kc5 Bf5
54. Rf7+ Bd7 55. b6+ Kd8 56. Rxf4 Bc6 57. Kd6 Ke8 58. Kc5 Kd7 59. Rd4+ Ke7 60.
f4 Nf5 61. Rd1 Ke6 62. Re1+ Kf7 63. Re5 Ng3 64. Kd6 Ne4+ 65. Kc7 Nf2 66. Rc5 Bh1
67. Rc1 Be4 68. a4 Nd3 69. Rc4 Bg2 70. Kb8 Kf8 71. a5 Bd5 72. Rd4 Nxf4 73. Rxd5
Nxd5 74. Kxb7 1-0

[Event "15th HZ Open"]
[Site "Vlissingen NED"]
[Date "2011.08.05"]
[Round "8"]
[White "Willemsma, Abe"]
[Black "Hamelink, Desiree"]
[Result "0-1"]
[BlackTitle "WIM"]
[WhiteElo "2088"]
[BlackElo "2220"]
[WhiteFideId "1011561"]
[BlackFideId "1006258"]
[EventDate "2011.07.30"]

1. e4 c5 2. Nf3 e6 3. d4 cxd4 4. Nxd4 a6 5. Nc3 b5 6. Bd3 Qb6 7. Nf3 Bb7 8. O-O
Nf6 9. Qe2 b4 10. e5 bxc3 11. exf6 gxf6 12. bxc3 Bc5 13. Bf4 Qc6 14. Rfe1 h5 15.
Rab1 Rg8 16. Kf1 Ke7 17. Qd2 d6 18. c4 Qc7 19. Nh4 Nd7 20. Rxb7 Qxb7 21. Be4 Qb4
22. Bxa8 Qxd2 23. Bxd2 Rxa8 24. f4 Nb6 25. Bc3 Nxc4 26. Nf5+ Kd7 27. Ng7 Ne3+
28. Ke2 Nd5 29. Bd2 Rg8 30. Nxh5 Rxg2+ 31. Kd1 Rxh2 32. Ng3 Bf2 33. Nf1 Bxe1 34.
Nxh2 Bxd2 35. Kxd2 Nxf4 0-1

[Event "15th HZ Open"]
[Site "Vlissingen NED"]
[Date "2011.08.05"]
[Round "8"]
[White "Van Den Berg, Bram"]
[Black "Van de Wynkele, Eric"]
[Result "1-0"]
[WhiteElo "2206"]
[BlackElo "2086"]
[WhiteFideId "1008684"]
[BlackFideId "205702"]
[EventDate "2011.07.30"]

1. e4 Nf6 2. Nc3 e6 3. e5 Nd5 4. Nxd5 exd5 5. Qf3 c6 6. b3 d6 7. exd6 Qxd6 8.
Bb2 Be6 9. Nh3 f6 10. d4 Nd7 11. Bd3 O-O-O 12. Nf4 Bf7 13. O-O-O g6 14. Kb1 b5
15. h4 f5 16. Rhe1 Bg7 17. g4 fxg4 18. Qxg4 Rhe8 19. h5 g5 20. Nh3 h6 21. Bf5
Kc7 22. Bc3 b4 23. Bxd7 Rxd7 24. Rxe8 Bxe8 25. Bd2 Re7 26. f3 c5 27. Be1 cxd4
28. Bg3 Be5 29. f4 gxf4 30. Nxf4 Bd7 31. Qf3 Kc6 32. Ng6 Bxg3 33. Nxe7+ Kc5 34.
Ng6 Be8 35. Qg4 Be5 36. Qc8+ Bc6 37. Nxe5 Qxe5 38. Qf8+ 1-0

[Event "15th HZ Open"]
[Site "Vlissingen NED"]
[Date "2011.08.05"]
[Round "8"]
[White "Ten Hagen, Yorick"]
[Black "Van Overdam, Jan"]
[Result "1/2-1/2"]
[WhiteElo "2189"]
[BlackElo "2062"]
[WhiteFideId "1020072"]
[BlackFideId "1022741"]
[EventDate "2011.07.30"]

1. d4 Nf6 2. Nf3 c5 3. d5 b5 4. e3 Bb7 5. c4 d6 6. b3 g6 7. Bb2 Bg7 8. Bd3 O-O
9. Nbd2 Nbd7 10. h4 h5 11. Ng5 Ne5 12. Be2 Nfg4 13. Bxe5 Nxe5 14. Bxh5 Nd3+ 15.
Kf1 Bxa1 16. Qxa1 Qa5 17. Ke2 gxh5 18. Kxd3 Bc8 19. Rh3 Bxh3 20. gxh3 f6 21. Qg1
fxg5 22. Qxg5+ Kf7 1/2-1/2

[Event "15th HZ Open"]
[Site "Vlissingen NED"]
[Date "2011.08.05"]
[Round "8"]
[White "Lacrosse, Marc"]
[Black "Van Der Zalm, Marnix"]
[Result "1/2-1/2"]
[WhiteTitle "FM"]
[WhiteElo "2185"]
[BlackElo "2058"]
[WhiteFideId "200921"]
[BlackFideId "1004611"]
[EventDate "2011.07.30"]

1. d4 d6 2. Nf3 g6 3. g3 Bg7 4. Bg2 f5 5. O-O Nf6 6. b3 O-O 7. Bb2 Qe8 8. c4 h6
9. Nc3 c6 10. Qc2 Na6 11. a3 e5 12. dxe5 dxe5 13. e4 Nc5 14. Nd2 f4 15. Ne2 Nh5
16. b4 Ne6 17. g4 f3 18. Nxf3 Nhf4 19. Ne1 Nxe2+ 20. Qxe2 Nf4 21. Qc2 Bxg4 22.
f3 Be6 23. Nd3 Nxd3 24. Qxd3 Qf7 25. Rac1 Rad8 26. Qc2 Rd7 27. Rf2 Rfd8 28. Bf1
h5 29. Re1 Kh7 30. Bc1 Bf6 31. Rd2 Rxd2 32. Bxd2 Bh4 33. Re3 Bg5 34. Rd3 Rxd3
35. Qxd3 Bxd2 36. Qxd2 Qxf3 37. Qg5 Qg4+ 38. Qxg4 Bxg4 39. Kf2 Kh6 40. Kg3 g5
41. c5 Be6 42. h4 g4 43. a4 Kg6 1/2-1/2

[Event "15th HZ Open"]
[Site "Vlissingen NED"]
[Date "2011.08.05"]
[Round "8"]
[White "Smits, Sebastiaan"]
[Black "Etxagibel Larranaga, Asier"]
[Result "1-0"]
[WhiteElo "2180"]
[BlackElo "2017"]
[WhiteFideId "1019384"]
[BlackFideId "2204797"]
[EventDate "2011.07.30"]

1. e4 c5 2. d3 e6 3. g3 g6 4. Bg2 Bg7 5. f4 d6 6. Nf3 Ne7 7. O-O O-O 8. c3 Nbc6
9. Be3 b6 10. Bf2 Ba6 11. Re1 Qc7 12. Qd2 Rad8 13. Na3 h6 14. d4 e5 15. d5 Nb8
16. Nh4 Bc8 17. Nb5 Qd7 18. c4 a6 19. Nc3 Qe8 20. f5 gxf5 21. Be3 fxe4 22. Bxh6
Nf5 23. Nxf5 Bxf5 24. Bxe4 Bxe4 25. Rxe4 f5 26. Qg5 Rd7 27. Rh4 Qf7 28. Rf1 Qf6
29. Qh5 Bxh6 30. Qxh6 Qxh6 31. Rxh6 Kg7 32. Re6 Rf6 33. Ne4 Rxe6 34. dxe6 Re7
35. Nxd6 Rxe6 36. Nxf5+ Kg6 37. Ne3 Nc6 38. Nd5 Nd4 39. Rf8 Kg7 40. Rb8 b5 41.
b3 e4 42. Rb7+ Kf8 43. Rb6 Re5 44. Kf2 bxc4 45. bxc4 Nc2 46. Ne3 Nb4 47. a3 Nd3+
48. Ke2 a5 49. Ra6 Re7 50. Ra8+ Kf7 51. Rxa5 Kg6 52. Ra6+ 1-0

[Event "15th HZ Open"]
[Site "Vlissingen NED"]
[Date "2011.08.05"]
[Round "8"]
[White "Kluger, Carsten"]
[Black "Nieuwelink, Kees"]
[Result "0-1"]
[WhiteElo "2077"]
[BlackElo "2177"]
[WhiteFideId "4680855"]
[BlackFideId "1003216"]
[EventDate "2011.07.30"]

1. e4 e5 2. Bc4 Nc6 3. Nc3 Nf6 4. d3 Bc5 5. Nf3 a6 6. O-O d6 7. h3 h6 8. Be3 g5
9. d4 exd4 10. Nxd4 Ne5 11. Be2 Rg8 12. g4 h5 13. Nf5 Bxf5 14. exf5 Bxe3 15.
fxe3 hxg4 16. hxg4 Rh8 17. Rf2 Kd7 18. Qd4 Rh4 19. Qxe5 dxe5 20. Rd1+ Ke7 21.
Rxd8 Rxd8 22. Rg2 Rd2 0-1